| 000 | 00000nam##2200000za#4500 |
| 001 | 9.699240 |
| 003 | CaOODSP |
| 005 | 20241203113638 |
| 007 | cr ||||||||||| |
| 008 | 150407|1994||||xxc|||||o f|0| 0 eng|d |
| 040 | |aCaOODSP|beng |
| 043 | |an-cn--- |
| 086 | 1 |aEn21-128/6-1994E-PDF |
| 110 | 1 |aCanada. |bEnvironment Canada. |
| 245 | 10|aKeep our drinking water clean and affordable : |h[electronic resource]|ba renter's guide to the wise use of water |
| 260 | |aOttawa - Ontario : |bEnvironment Canada |c[1994]. |
| 300 | |a3p.|bgraph, illus. |
| 590 | |a14-21-Supp|b2014-12-11 |
| 690 | 07|aPollution prevention|2gcpds |
| 690 | 07|aWater use|2gcpds |
| 775 | 08|tPour une eau potable propre et peu coûteuse : |w(CaOODSP)9.643213 |
| 856 | 40|ahttp://publications.gc.ca|qPDF|s706 KB|uhttps://publications.gc.ca/collections/collection_2014/ec/En21-128-6-1994-eng.pdf |